000 00219 a2200097 4500
020 _a090129003259
041 _aspa
100 _aStan E y Jan Berenstain
245 _aPajaritos,Abejitas y los osos Berenstain
942 _cK
999 _c28100
_d28100